000 00517nam a2200181Ia 4500
005 20250508152556.0
008 008 250505s9999 xx 000 0 eng d
037 _aBooks to be hide in OPAC
040 _aFEDL
_beng
_cFEDL
041 _aeng
_2eng
084 _a331, IND/O
_qFEDL
245 0 _aEmployment in the public sector
245 0 _cNational Employment Service Ministry of Labour and Employment
260 _c1959
300 _a110p.
942 _cHB
_h331, IND/O
999 _c1337350
_d1337350